Động lực học công trình

Trình bày nội dung cơ bản của lí thuyết giao động công trình, dao động hệ một bậc tự do, giao động hệ hữu hạn, vô hạn, bậc tự do, dao động đàn dẻo hệ một bậc tự do, tính công trình chịu tác dụng động đất...

Cur síos iomlán

Đã lưu trong:
Sonraí Bibleagrafaíochta
Príomhúdar: Phạm, Đình Ba
Formáid: Leabhar
Teanga:Undetermined
Foilsithe: Hà Nội Xây dựng 2011
Ábhair:
Clibeanna: Cuir Clib Leis
Gan Chlibeanna, Bí ar an gcéad duine leis an taifead seo a chlibeáil!
Thư viện lưu trữ: Trung tâm Học liệu Trường Đại học Cần Thơ
LEADER 00923nam a2200205Ia 4500
001 CTU_169117
008 210402s9999 xx 000 0 und d
020 |c 67000 
082 |a 620.104 
082 |b B100 
100 |a Phạm, Đình Ba 
245 0 |a Động lực học công trình 
245 0 |c Phạm Đình Ba chủ biên 
260 |a Hà Nội 
260 |b Xây dựng 
260 |c 2011 
520 |a Trình bày nội dung cơ bản của lí thuyết giao động công trình, dao động hệ một bậc tự do, giao động hệ hữu hạn, vô hạn, bậc tự do, dao động đàn dẻo hệ một bậc tự do, tính công trình chịu tác dụng động đất 
650 |a Structural dynamics,Động lực học công trình 
904 |i Trọng Hiếu 
980 |a Trung tâm Học liệu Trường Đại học Cần Thơ